1796 1361 1721 1942 1901 1379 1528 1934 1587 1292 1481 1207 1123 1623 1268 1477 1201 1893 1378 1293 1171 1948 1935 1533 1341 1253 1648 1029 1373 1122 1230 1706 1438 1354 1433 1095 1319 1302 1925 1776 1661 1087 1489 1081 1769 1504 1803 1431 1809 1056 1431 1846 1194 1005 1984 1385 1809 1954 1589 1159 1238 1357 1874 1280 1572 1925 1488 1754 1918 1802 1540 1545 1660 1646 1535 1606 1469 1814 1750 1025 1431 1325 1720 1602 1839 1538 1591 1727 1583 1499 1179 1891 1068 1992 1798 1140 1968 1147 1545 BCNSPRNW ULIB Ver.6.0+V

เปลี่ยนเป็นภาษาไทย

Change to English
 แสดงรายละเอียดบรรณานุกรม
  กลับหน้าหลัก

Brief Record : Get Marc (ISO 2709) : E-mail record : QR code < ปิดหน้าต่าง
LEADER : 00000nam 2200000uu 4500
001    13399108657
003     ULIB
008    110311s2548||||th 000 0 tha d
060  4 QZ200^bส938ค 2548
110 1  กระทรวงสาธารณสุข^bกรมการแพทย์^bสถาบันมะเร็งแห่งชาติ^bศูนย์มะเร็งลพบุรี
245 00 คู่มือการดูแลช่องปากผู้ป่วยรับรังสีรักษาบริเวณศีรษะและคอ/^cบรรณาธิการ,นิวัติ เพียรไทย
250    พิมพ์ครั้งที่ 1
260    ลพบุรี:^bศูนย์มะเร็ง ลพบุรี,^c2548
300    44 หน้า:^bภาพประกอบ
700 0  สุณียา นามประเสริฐ,^eบรรณาธิการ
945    ^p0^l0^i019269
945    ^p0^l0^i019267
945    ^p0^l0^i019265
945    ^p0^l0^i019268
945    ^p0^l0^i019266
995    ทศพร
999 ^a ใช้งานได้ทุกระบบ
รายการนี้ยังไม่มีแท็ก
คุณยังไม่ได้ล็อกอิน คุณสามารถมีกิจกรรมร่วมกับเว็บไซต์ได้ แต่ต้องล็อกอินก่อน ::
  ล็อกอิน

รายการสื่อสารสนเทศ

ลำดับที่ ประเภท เลขเรียก/บาร์โค้ด สถานที่ สถานะ
- ไม่พบข้อมูล -

BibComment


ยังไม่เคยถูกคอมเมนท์

คอมเมนท์ทรัพยากรรายการนี้
  คอมเมนท์: คู่มือการดูแลช่อง..


 Copyright 2026. Bcnsprnw @Library